Hỏi đáp về làng nghề truyền thống Việt Nam.
Bewaard in:
| Formaat: | Sách giấy |
|---|---|
| Taal: | Vietnamese |
| Gepubliceerd in: |
H. :
Quân đội Nhân dân,
2009.
|
| Reeks: | Tủ sách văn hóa
|
| Onderwerpen: | |
| Tags: |
Voeg label toe
Geen labels, Wees de eerste die dit record labelt!
|
| Thư viện lưu trữ: | Thư viện Trường Đại học Đà Lạt |
|---|
| LEADER | 00710nam a2200289 4500 | ||
|---|---|---|---|
| 001 | DLU100109257 | ||
| 005 | ##20100618 | ||
| 040 | # | # | |a DLU |b vie |
| 041 | # | # | |a vie |
| 044 | # | # | |a vn |
| 082 | # | # | |a 338.477 |b Hoi |
| 245 | # | # | |a Hỏi đáp về làng nghề truyền thống Việt Nam. |
| 260 | # | # | |a H. : |b Quân đội Nhân dân, |c 2009. |
| 300 | # | # | |a 186 tr. ; |c 21 cm. |
| 490 | # | # | |a Tủ sách văn hóa |
| 650 | # | # | |a Nghề thủ công |z Việt Nam |v Hỏi và đáp. |
| 923 | # | # | |a 05/2010 |
| 991 | # | # | |a SH |
| 992 | # | # | |a 27000 |
| 994 | # | # | |a DLU |
| 900 | # | # | |a True |
| 911 | # | # | |a Đào Thị Thu Huyền |
| 925 | # | # | |a G |
| 926 | # | # | |a A |
| 927 | # | # | |a SH |
| 980 | # | # | |a Thư viện Trường Đại học Đà Lạt |